|
|
|
|
| LEADER |
01364nam a22002657a 4500 |
| 001 |
37849 |
| 003 |
BD-DhAAL |
| 008 |
220228t2002 bg ||||| b||| 00| 0 ben d |
| 999 |
|
|
|c 43612
|d 43612
|
| 020 |
|
|
|a 9840741276
|
| 040 |
|
|
|a BD-DhAAL
|
| 082 |
|
|
|a 300.72
|2 23
|
| 100 |
|
|
|a ছিদ্দিকী, রহমত আলী
|9 46221
|
| 245 |
|
|
|a সামাজিক গবেষণার পদ্ধতি :
|b তত্ত্ব ও প্রয়োগ /
|c রহমত আলী ছিদ্দিকী
|
| 246 |
|
|
|a Samajik gabeshanar paddhati :
|b tattva O prayog
|
| 246 |
|
|
|a Method of social research :
|b theory and practice
|
| 260 |
|
|
|a ঢাকা :
|b বাংলা একাডেমী,
|c ২০০২
|
| 300 |
|
|
|a [বার], ১৫৯ পৃষ্ঠা ;
|c ২২ সে.মি.
|
| 504 |
|
|
|a গ্রন্থপঞ্জিগত নির্দেশিকা (পৃষ্ঠা [১৫৬]-১৫৯) অন্তর্ভুক্ত।
|
| 526 |
|
|
|a BIED
|
| 541 |
|
|
|a Complimentary copy from BIED
|e 37849
|
| 650 |
|
|
|a Social science
|x Research.
|9 46222
|
| 852 |
|
|
|a Ayesha Abed Library
|c BIED Collection
|
| 942 |
|
|
|2 ddc
|c BK
|
| 952 |
|
|
|0 0
|1 0
|2 ddc
|4 0
|6 300_720000000000000_SID
|7 0
|9 69931
|a BRACUL
|b BRACUL
|c GEN
|d 2022-02-28
|e Complimentary copy from BIED
|l 0
|o 300.72 SID
|p 3010037849
|r 2022-02-28
|t 1
|w 2022-02-28
|y BK
|x Transferred from BIED to General Stacks
|